The Nightmare Before Christmas - Characters by Picture - Statistics

General Stats
  • This quiz has been taken 215 times
  • The average score is 10 of 17
Answer Stats
Picture Answer % Correct
Jack Skellington
99%
Sally
95%
Oogie Boogie
84%
Santa Claus
84%
Mayor of Halloween Town
82%
Zero
77%
Lock
65%
The Clown with the Tear-Away Face
65%
Barrel
63%
Big Witch
61%
Shock
61%
Devil
50%
Doctor Finkelstein
45%
Wolfman
27%
Harlequin Demon
25%
Behemoth
20%
Mr. Hyde
19%
No matching quizzes found
Score Distribution
Percent of People with Each Score
Percentile by Number Answered
Your Score History
You have not taken this quiz